| 000 | 01193nam a22003617a 4500 | ||
|---|---|---|---|
| 003 | CHAP | ||
| 005 | 20220329143302.0 | ||
| 008 | 080130d2004 es a r 00110 spa d | ||
| 010 | _a94402 | ||
| 011 | _a95374 | ||
| 020 | _a8484761762 | ||
| 035 | _a105997 | ||
| 040 | _cCHAP | ||
| 082 | 0 | 4 |
_a664.092 _bC6 |
| 100 | 0 | 0 |
_aColes, Richard. _925129 |
| 245 | 1 | 0 |
_aManual del envasado de alimentos y bebidas _c/por Richard Coles, Derek McDowell y Mark J. Kirwan |
| 260 |
_aMadrid : _bMundi-Prensa, _c2004 |
||
| 300 |
_a311 p. : _bilus. |
||
| 590 |
_aBATCH-UPD _b10 _c20130110 _lUCH01 _h0636 |
||
| 590 |
_aBATCH-UPD _b10 _c20130110 _lUCH01 _h2327 |
||
| 590 |
_aBATCH-UPD _b10 _c20130410 _lUCH01 _h0320 |
||
| 590 |
_aBATCH-UPD _b10 _c20130914 _lUCH01 _h0214 |
||
| 590 |
_aCONVERSION _b10 _c20130109 _lUCH01 _h1352 |
||
| 650 | 1 | 4 |
_aAlimentos _xConservación. _94179 |
| 650 | 1 | 4 |
_aAlimentos _xEmpaque. _94216 |
| 650 | 1 | 4 |
_aBebidas _xIndustria _xEquipo. _911114 |
| 650 | 1 | 4 |
_aIndustria del envase. _957807 |
| 700 | 1 |
_aKirwan, Mark J. _963375 |
|
| 700 | 1 |
_aMcDowell, Derek _973494 |
|
| 901 | _aBK | ||
| 942 | _cLIBRO | ||
| 949 |
_a664.092 C6 _bBC _cLIBRO _d33724002050116 _eLIBRO _gI.c/e _h109129 _i105997 _si _t$806.00 |
||
| 999 |
_c94402 _d94402 |
||